Analýza primárnych žiaričov čiastočne vyplnených dielektrikom : Kand.diz.práca : V.odb. 26-07-9 : Obh. 15.03.1984 /
Na minha lista:
| Autor principal: | |
|---|---|
| Outros Autores: | |
| Formato: | Manuscrito Livro |
| Publicado em: |
Bratislava :
SVŠT v Bratislave EF,
1983
|
| Assuntos: | |
| Tags: |
Sem tags, seja o primeiro a adicionar uma tag!
|
MARC
| LEADER | 00000ntm a22000003a 4500 | ||
|---|---|---|---|
| 001 | stu4544 | ||
| 005 | 20150617225810.1 | ||
| 008 | ------s1983----------------------------d | ||
| 040 | |a STU |b slo | ||
| 041 | 0 | ||
| 100 | 1 | |a Hajach, Peter, |d 1946- |4 aut |u E230 |U FEI Fakulta elektrotechniky a informatiky |T FEI Katedra rádioelektroniky |X 2170 |U E230 |Y 71 |7 A000002170 | |
| 245 | 1 | |a Analýza primárnych žiaričov čiastočne vyplnených dielektrikom : |b Kand.diz.práca : V.odb. 26-07-9 : Obh. 15.03.1984 / |c [aut.] Hajach,Peter, Ing.; Škol. Vavra,řtefan | |
| 260 | |a Bratislava : |b SVŠT v Bratislave EF, |c 1983 | ||
| 300 | |a 225 s | ||
| 650 | 7 | |a Rádioelektronika |2 stusub | |
| 650 | 7 | |a parabolické antény |2 stusub | |
| 650 | 7 | |a vlnovody |2 stusub | |
| 650 | 7 | |a vyžarovanie antén |2 stusub | |
| 650 | 7 | |a dielektriká |2 stusub | |
| 700 | 1 | |a Vavra, Štefan |4 ths | |
| 996 | |b 284ED00315 |c E*KDIZ-420 |l EE01 |s A |a 24 |w stu4544_0001 | ||